00824 a2200193 4500003000500000005001700005010001600022020001700038040000900055082001700064100001700081245008000098260003100178300003400209505031500243650003000558650002400588700001800612Nust20221201140616.0 a 84007405 a0471092452 : cNust00a539.7213,LEW1 aLewis, E. E.10aComputational methods of neutron transport / cE.E. Lewis, W.F. Miller, Jr. aNew York :bWiley,cc1984. axvi, 401 p. :bill. ;c24 cm. aThe Transport Equation (Page-1), Energy And Time Discretization (Page-61), Discrete Ordinates Methods In One Spatial Dimension (Page-116), Multidimensional Discrete Ordinates Methods (Page-156), Integral Transport Methods (Page-208), Even-Parity Transport Methods (Page-257), The Monte Carlo Method (Page-296). 0aNeutron transport theory. 0aNumerical analysis.1 aMiller, W. F.